|
|
|
|
| LEADER |
00865nam a22002057a 4500 |
| 008 |
141229b xxu||||| |||| 00| 0 eng d |
| 020 |
|
|
|a 9780000192936
|
| 082 |
|
|
|a 823 CHA/PAY
|
| 100 |
|
|
|a ചേസ്, ജയിംസ് ഹാഡ്ലി
|
| 240 |
|
|
|a Killer
|
| 245 |
|
|
|a കില്ലര് /
|c കെ. കെ. ഭാസ്കരന് പയ്യന്നൂര്
|
| 250 |
|
|
|a 1st ed.
|
| 260 |
|
|
|a കോട്ടയം :
|b സാഹിത്യപ്രവര്ത്തക സഹകരണസംഘം,
|c 2012.
|
| 300 |
|
|
|a 206p.
|
| 650 |
|
|
|a Novel
|
| 700 |
|
|
|a Chase, James Hadley
|
| 700 |
|
|
|a Payyannoor, K. K. Bhaskaran
|e translator.
|
| 942 |
|
|
|2 ddc
|c BK
|
| 999 |
|
|
|c 9175
|d 9175
|
| 952 |
|
|
|0 0
|1 0
|2 ddc
|4 0
|6 823_000000000000000_CHAPAY
|7 0
|9 13050
|a MAIN
|b MAIN
|d 2014-12-29
|e National Book Stall
|g 145.00
|o 823 CHA/PAY
|p 13260
|r 2017-05-05
|t 1
|w 2014-12-29
|y BK
|